| 000 | 00559nam a2200169 4500 | ||
|---|---|---|---|
| 001 | 110220 | ||
| 003 | ES-MaACL | ||
| 005 | 20230906185014.0 | ||
| 007 | t| | ||
| 008 | 061121s1916 sp r ||||1| spa d | ||
| 100 | 1 |
_aO'Connor, Francisco Burdett. _986306 |
|
| 245 | 1 | 0 |
_aIndependencia americana _b: recuerdos de Francisco Burdett O'Connor / _cFrancisco Burdett O'Connor; lo publica su nieto F. O'Connor d'Arlach. |
| 260 |
_aMadrid : _bAmerica, _c1916. |
||
| 300 |
_a415 p. ; _c22 cm. |
||
| 700 | 1 |
_aO'Connor d'Arlach, F. _986313 |
|
| 852 |
_aES-MaACL _jF-838 |
||
| 999 |
_c110220 _d110220 |
||